دليل المحتار بمعاني الشعار : (رقم التسجيلة. 30028)

تفاصيل مارك
000 -الفاتح
حقل البيانات ثابتة الطول 00713nam a22001817a 4500
005 - وقت وتاريخ اخر تعامل مع التسجيلة
رقم الضبط 20150408114134.0
008 - عناصر البيانات ثابتة الطول - معلومات عامة
حقل البيانات ثابتة الطول 130602t 1432su ||||| |||| 00| 0 ara d
040 ## - مصدر الفهرسة
وكالة الفهرسة الأصلية ma-un
082 ## - رقم تصنيف ديوى العشرى
رقم الطبعة 21
رقم التصنيف 811.095531
رقم المادة ع ح د
100 ## - المدخل الرئيسى - إسم شخصى
الإسم الشخصى العباد ، حمد بن على سالم
9 (RLIN) 35897
245 ## - بيان العنوان
العنوان دليل المحتار بمعاني الشعار :
بقية العنوان معاني كلمات نبطيه /
بيان المسئوليه,etc حمد بن على سالم العباد ،
250 ## - بيان الطبعة
بيان الطبعة ط.1
260 ## - PUBLICATION, DISTRIBUTION, ETC. (IMPRINT)
مكان الناشر او الموزع عنيزه :
اسم الناشر او الموزع دار المؤلف .
تاريخ النشر أو التوزيع 2011
300 ## - الوصف المادى
التعداد 123 ص
أبعاد الوعاء 24 سم
500 ## - تبصرة عامة
تبصرة عامة الوجود بالمكتبة : مج 1
650 ## - المدخل الاضافى بالموضوع-مصطلح موضوعى
9 (RLIN) 723
مصطلح موضوعي أو اسم جغرافي كعنصر مدخل الشعر العربي
التقسيم الفرعي العام تاريخ ونقد
التقسيم الفرعي الزمني العصر العباسي، 750-1258
942 ## - عناصر المدخل الإضافي( كوها)
مصدر التصنيف او مخطط الترفيف Dewey Decimal Classification
Koha [default] item type كتاب

لا توجد مواد متاحة.